| 000 | 00633cam a2200193 a 4500 | ||
|---|---|---|---|
| 020 | _a0899080642 : | ||
| 040 | _cDLC | ||
| 082 | 0 | 0 | _a401 GRE 1989 A024 Or. |
| 100 | 1 | _aSwisher, Clarice, | |
| 245 | 1 | 4 |
_aThe beginning of language : _bopposing viewpoints / |
| 260 |
_aSan Diego, Calif. : _bGreenhaven Press, _cc1989. |
||
| 300 |
_a112 p. : _bill. ; _c24 cm. |
||
| 490 | 1 | _aGreat mysteries | |
| 500 | _aIncludes index. | ||
| 520 | _aDiscusses historical, philosophical, and scientific theories about the mysterious origins of human language. | ||
| 650 | 0 | _aLanguage and languages | |
| 650 | 1 | _aLanguage and languages | |
| 942 | _cEK | ||
| 999 |
_c15273 _d15273 |
||